| 000 | 00835cam a2200241 a 4500 | ||
|---|---|---|---|
| 020 | _a0470778156 (cloth) | ||
| 020 | _a9780470778159 (cloth) | ||
| 082 | 0 | 0 |
_a624.1762 _bDOW _cL-38,P-119 |
| 100 | 1 |
_aDowrick, David J. _931867 |
|
| 245 | 1 | 0 |
_aEarthquake resistant design and risk reduction / _cDavid Dowrick. |
| 250 | _a2nd ed. | ||
| 260 |
_aChichester, U.K. : _bWiley, _c2009. |
||
| 300 |
_axvi, 530 p. : _bill., maps ; _c26 cm. |
||
| 500 | _aRev. ed. of: Earthquake risk reduction. 2003. | ||
| 526 |
_a0 _b0 _c0 _d624_176200000000000_DOW |
||
| 526 |
_a0 _b0 _c0 _d624_176200000000000_DOW |
||
| 526 |
_a0 _b0 _c0 _d624_176200000000000_DOW |
||
| 650 | 0 | _aEarthquake engineering. | |
| 650 | 0 |
_aEarthquake hazard analysis. _931868 |
|
| 650 | 0 |
_aEarthquake resistant design. _9652 |
|
| 700 | 1 |
_aDowrick, David J. _931867 |
|
| 942 |
_2ddc _cBK |
||
| 999 |
_c553595 _d553595 |
||